<?xml version="1.0" encoding="UTF-8"?><?xml-stylesheet type="text/xsl" href="static/style.xsl"?><OAI-PMH xmlns="http://www.openarchives.org/OAI/2.0/" xmlns:xsi="http://www.w3.org/2001/XMLSchema-instance" xsi:schemaLocation="http://www.openarchives.org/OAI/2.0/ http://www.openarchives.org/OAI/2.0/OAI-PMH.xsd"><responseDate>2026-04-14T04:50:52Z</responseDate><request verb="GetRecord" identifier="oai:www.recercat.cat:2072/399124" metadataPrefix="marc">https://recercat.cat/oai/request</request><GetRecord><record><header><identifier>oai:recercat.cat:2072/399124</identifier><datestamp>2026-04-02T01:30:07Z</datestamp><setSpec>com_2072_98</setSpec><setSpec>col_2072_378192</setSpec></header><metadata><record xmlns="http://www.loc.gov/MARC21/slim" xmlns:dcterms="http://purl.org/dc/terms/" xmlns:xsi="http://www.w3.org/2001/XMLSchema-instance" xmlns:doc="http://www.lyncode.com/xoai" xsi:schemaLocation="http://www.loc.gov/MARC21/slim http://www.loc.gov/standards/marcxml/schema/MARC21slim.xsd">
   <leader>00925njm 22002777a 4500</leader>
   <datafield ind2=" " ind1=" " tag="042">
      <subfield code="a">dc</subfield>
   </datafield>
   <datafield ind2=" " ind1=" " tag="720">
      <subfield code="a">Cornellà-Detrell, Jordi</subfield>
      <subfield code="e">author</subfield>
   </datafield>
   <datafield ind2=" " ind1=" " tag="260">
      <subfield code="c">2013</subfield>
   </datafield>
   <datafield ind2=" " ind1=" " tag="520">
      <subfield code="a">A principis dels anys 60, després de més de dues dècades de prohibicions, la traducció en llengua catalana va experimentar un creixement sobtat i sense precedents. Aquest article, que es proposa examinar les causes i les conseqüències de l'expansió de la industria editorial, se centra sobretot en el paper de la traducció en el redreçament de la cultural catalana. Entre els temes que es tractaran hi ha l'atemperament de la censura, l'impacte de les reunions del Consejo Nacional del Movimiento de 1961, l'organització del XVI Congreso Internacional de Editores (Barcelona, 1962), la paradoxal facilitat amb què els editors van poder començar a contractar els drets d'obres estrangeres, l'impacte de la traducció en l'obra dels escriptors autòctons, la creixent competència entre les empreses del sector i, finalment, l'entrada al mercat d'editorials que fins llavors només havien publicat en espanyol.</subfield>
   </datafield>
   <datafield ind2=" " ind1=" " tag="520">
      <subfield code="a">In the early 1960s, when Franco's dictatorship lifted some of the restrictions imposed on the cultural sector, translation into Catalan experienced a sudden and unparalleled growth. This article, which sets out to explore the causes and consequences of the expansion of the publishing industry, focuses on particular in the role of translation in the revival of Catalan culture. Among the topics to be considered are: the new rules of censorship, the impact of the meetings held by the Consejo Nacional del Movimiento in 1961, the organization of the XVI Congreso Internacional de Editores (Barcelona, 1962), the easiness with which Catalan publishers were able to buy translation rights, the impact of translation on Catalan authors, the increasing competition among publishing houses and, finally, the initiatives of several leading Spanish companies to tap into the Catalan book market.</subfield>
   </datafield>
   <datafield tag="653" ind2=" " ind1=" ">
      <subfield code="a">Traducció</subfield>
   </datafield>
   <datafield tag="653" ind2=" " ind1=" ">
      <subfield code="a">Censura</subfield>
   </datafield>
   <datafield tag="653" ind2=" " ind1=" ">
      <subfield code="a">Sector editorial</subfield>
   </datafield>
   <datafield tag="653" ind2=" " ind1=" ">
      <subfield code="a">Cultura catalana</subfield>
   </datafield>
   <datafield tag="653" ind2=" " ind1=" ">
      <subfield code="a">Règim franquista</subfield>
   </datafield>
   <datafield tag="653" ind2=" " ind1=" ">
      <subfield code="a">Translation</subfield>
   </datafield>
   <datafield tag="653" ind2=" " ind1=" ">
      <subfield code="a">Censorship</subfield>
   </datafield>
   <datafield tag="653" ind2=" " ind1=" ">
      <subfield code="a">Publishing sector</subfield>
   </datafield>
   <datafield tag="653" ind2=" " ind1=" ">
      <subfield code="a">Catalan culture</subfield>
   </datafield>
   <datafield tag="653" ind2=" " ind1=" ">
      <subfield code="a">Franco's regime</subfield>
   </datafield>
   <datafield ind2="0" ind1="0" tag="245">
      <subfield code="a">L'auge de la traducció en llengua catalana als anys 60 : el desglaç de la censura, el XVI Congreso Internacional de Editores i el problema dels drets d'autor</subfield>
   </datafield>
</record></metadata></record></GetRecord></OAI-PMH>